01038cam a22003017a 450000500170000000800410001701000100005801100100006803500100007808200160008811100900010424500750019426000410026930000200031059000410033059000410037159000410041259000420045365000450049565000230054065000130056370000310057670000240060770000270063190100070065894900540066599900170071920220817043025.0971010s1986 r 10010 d a63067 a64039 a69065 a636.082bS400aSeminar in the CEC Animal Husbandry and Research (d1985c: Edinburgh, U. K.)9103961 0aExploiting new technologies in animal breedingb: genetic developments aNew York :bOxford University,c1986 a202 p.b: ilus. aBATCH-UPDb10c20130110lUCH01h0504 aBATCH-UPDb10c20130410lUCH01h0142 aBATCH-UPDb10c20130914lUCH01h1538 aCONVERSIONb10c20130109lUCH01h133414aAnimales domesticosxMejoramiento.9590914aGenética animal.14aGranjas.0 aKing, J. W. B.eed.9632750 aMcKay, J. C.9736190 aSmith, C.eed.9106961 aBK a636.082 S4bZcLIBROd-1230eLIBROh861i69065si c63067d63067